[Event "4MCR_4D_1L_1S"]
[Site "CR"]
[Date "2000.??.??"]
[Round "?"]
[White "Boukal, Petr"]
[Black "Hrdy, Roman"]
[Result "1/2-1/2"]
[WhiteElo "2450"]
[BlackElo "2230"]
[PlyCount "76"]
[EventDate "2000.??.??"]
[EventType "tourn (corr)"]

1. e4 d6 2. d4 Nf6 3. Nc3 g6 4. Nf3 Bg7 5. Be2 O-O 6. O-O c6 7. Bf4 Qc7 8. Qd2
Nbd7 9. a4 e5 10. Bh6 exd4 11. Nxd4 Re8 12. Bxg7 Kxg7 13. f3 b6 14. Rad1 Bb7
15. g4 h6 16. g5 Ng8 17. Nb3 hxg5 18. Qxd6 Qxd6 19. Rxd6 Ngf6 20. a5 Ne5 21. h4
Nh5 22. hxg5 Ng3 23. f4 Nxe2+ 24. Nxe2 Nc4 25. Rd7 Bc8 26. Rd4 Nxb2 27. Nc3 c5
28. Rd2 Nc4 29. Rh2 Bb7 30. axb6 axb6 31. Re1 Rad8 32. Kf2 Nd2 33. Nxd2 Rxd2+
34. Kg3 Rxh2 35. Kxh2 Bc6 36. Kg3 b5 37. Kf3 b4 38. Nd1 Rd8 1/2-1/2

[Event "4MCR_4D_1L_1S"]
[Site "CR"]
[Date "2000.??.??"]
[Round "?"]
[White "Boukal, Petr"]
[Black "Krouzel, Jaroslav"]
[Result "1/2-1/2"]
[WhiteElo "2450"]
[BlackElo "2405"]
[PlyCount "51"]
[EventDate "2000.??.??"]
[EventType "tourn (corr)"]

1. e4 e6 2. d4 d5 3. Nc3 Bb4 4. e5 c5 5. a3 Bxc3+ 6. bxc3 Ne7 7. Qg4 O-O 8. Bd3
f5 9. exf6 Rxf6 10. Bg5 Rf7 11. Qh5 g6 12. Qd1 Nbc6 13. Nf3 Qf8 14. O-O c4 15.
Be2 h6 16. Bc1 Qg7 17. a4 Bd7 18. Ba3 g5 19. Bd6 Ng6 20. h3 b6 21. Re1 Qf6 22.
Bg3 Raf8 23. Nh2 Nf4 24. Bh5 Nxh5 25. Qxh5 Kh7 26. Ng4 1/2-1/2

[Event "4MCR_4D_1L_1S"]
[Site "CR"]
[Date "2000.??.??"]
[Round "?"]
[White "Boukal, Petr"]
[Black "Nemec, Jaroslav"]
[Result "1/2-1/2"]
[WhiteElo "2450"]
[BlackElo "2320"]
[PlyCount "48"]
[EventDate "2000.??.??"]
[EventType "tourn (corr)"]

1. e4 c5 2. Nf3 d6 3. Bb5+ Bd7 4. Bxd7+ Qxd7 5. O-O Nc6 6. c3 Nf6 7. d4 Nxe4 8.
d5 Ne5 9. Nxe5 dxe5 10. Re1 Nd6 11. Rxe5 g6 12. Re2 Bg7 13. Be3 b6 14. Na3 O-O
15. Bg5 Rfe8 16. Qd2 Rad8 17. c4 Nf5 18. Rae1 h6 19. Bf4 Nd4 20. Re4 e6 21.
dxe6 Rxe6 22. Rxe6 Nxe6 23. Qxd7 Rxd7 24. Bc1 f5 1/2-1/2

[Event "4MCR_4D_1L_1S"]
[Site "CR"]
[Date "2000.??.??"]
[Round "?"]
[White "Boukal, Petr"]
[Black "Pospisil, Ludvik"]
[Result "1-0"]
[WhiteElo "2450"]
[BlackElo "2330"]
[PlyCount "113"]
[EventDate "2000.??.??"]
[EventType "tourn (corr)"]

1. e4 e5 2. Nf3 Nc6 3. d4 exd4 4. Nxd4 Qh4 5. Nb5 Bb4+ 6. Bd2 Qxe4+ 7. Be2 Kd8
8. O-O Bxd2 9. Nxd2 Qe5 10. Re1 Nf6 11. Nf3 Qc5 12. a3 Re8 13. b4 Qf8 14. Nbd4
Nxd4 15. Qxd4 d6 16. c4 Bg4 17. h3 Bd7 18. Bd3 Rxe1+ 19. Rxe1 h6 20. Nh4 c6 21.
c5 Ne8 22. cxd6 Nxd6 23. Bf5 Be8 24. Bg4 Kc7 25. Nf5 Nxf5 26. Bxf5 b6 27. b5
Rd8 28. Qa4 Kb7 29. Be4 Rc8 30. Bf3 Rc7 31. Qc4 Bd7 32. a4 Qd6 33. Qxf7 Bc8 34.
bxc6+ Kb8 35. Qc4 a5 36. Bd5 Ka7 37. Qe4 g6 38. f4 Bf5 39. Qe5 Qxe5 40. fxe5
Re7 41. e6 Kb8 42. g4 Bd3 43. Rd1 Ba6 44. Kf2 Re8 45. Re1 Kc7 46. Ke3 b5 47.
axb5 Bxb5 48. Kd4 Kd6 49. Rb1 Ba6 50. Ra1 Bc8 51. Rf1 a4 52. Rf7 a3 53. Rf6 Rg8
54. Rf3 g5 55. Rxa3 Bxe6 56. Bxe6 Kxe6 57. Kc5 1-0

[Event "4MCR_4D_1L_1S"]
[Site "CR"]
[Date "2000.??.??"]
[Round "?"]
[White "Boukal, Petr"]
[Black "Rybak, Milan"]
[Result "1/2-1/2"]
[WhiteElo "2450"]
[BlackElo "2445"]
[PlyCount "77"]
[EventDate "2000.??.??"]
[EventType "tourn (corr)"]

1. e4 e5 2. Nf3 Nc6 3. d4 exd4 4. Nxd4 Qf6 5. Be3 Bc5 6. c3 Nge7 7. Bc4 b6 8.
O-O Bb7 9. Nb5 O-O-O 10. Bxc5 bxc5 11. Bd5 a6 12. N5a3 Rhe8 13. Nd2 d6 14. Ndc4
Qg6 15. Nc2 Nxd5 16. exd5 Ne7 17. N2e3 f5 18. Na5 f4 19. Nxb7 Kxb7 20. Nc4 Qg5
21. Na5+ Kc8 22. Nc6 Nxc6 23. dxc6 c4 24. b4 Qb5 25. a4 Qxc6 26. b5 Qe4 27.
bxa6 f3 28. gxf3 Qf5 29. Rb1 Kd7 30. Rb4 Ra8 31. Rxc4 Rxa6 32. Qd4 Rc6 33. Rxc6
Kxc6 34. Kg2 Re6 35. h4 Rg6+ 36. Kh2 Qxf3 37. Rg1 Rxg1 38. Kxg1 g6 39. Qc4+
1/2-1/2

[Event "4MCR_4D_1L_1S"]
[Site "CR"]
[Date "2000.??.??"]
[Round "?"]
[White "Boukal, Petr"]
[Black "Spal, Milan"]
[Result "1/2-1/2"]
[WhiteElo "2440"]
[BlackElo "2450"]
[PlyCount "68"]
[EventDate "2000.??.??"]
[EventType "tourn (corr)"]

1. e4 Nf6 2. e5 Nd5 3. d4 d6 4. Nf3 Nc6 5. c4 Nb6 6. Nc3 Bg4 7. exd6 Bxf3 8.
gxf3 exd6 9. d5 Ne7 10. Qd4 c5 11. dxc6 Nxc6 12. Qg4 Ne5 13. Qe4 Qe7 14. Be3
Nexc4 15. Bxc4 Qxe4 16. Bxf7+ Kxf7 17. fxe4 Be7 18. O-O-O Nc4 19. Bd4 Bg5+ 20.
Kc2 Bf4 21. Rhg1 Rhg8 22. h3 Rac8 23. Bxa7 b6 24. Rd3 Bh2 25. Rg2 Be5 26. a4
Rc6 27. b3 Na5 28. f4 Bf6 29. b4 Ra8 30. Bxb6 Rxb6 31. bxa5 Rxa5 32. Rgg3 Ke6
33. f5+ Kf7 34. Rd5 Bxc3 1/2-1/2

[Event "4MCR_4D_1L_1S"]
[Site "CR"]
[Date "2000.??.??"]
[Round "?"]
[White "Boukal, Petr"]
[Black "Straka, Zdenek"]
[Result "0-1"]
[WhiteElo "2450"]
[BlackElo "2305"]
[PlyCount "98"]
[EventDate "2000.??.??"]
[EventType "tourn (corr)"]

1. e4 e6 2. d4 d5 3. Nc3 Bb4 4. e5 c5 5. a3 Bxc3+ 6. bxc3 Ne7 7. Qg4 O-O 8. Bd3
Nbc6 9. Qh5 Ng6 10. Nf3 Qc7 11. Be3 c4 12. Bxg6 fxg6 13. Qg4 Qf7 14. Ng5 Qe8
15. h4 Ne7 16. Qe2 h6 17. Nh3 Bd7 18. g4 b5 19. Nf4 Qf7 20. Rh3 a5 21. h5 g5
22. Ng2 b4 23. f4 gxf4 24. Nxf4 b3 25. cxb3 cxb3 26. Rf3 Rab8 27. Rb1 Bb5 28.
Qh2 Bd3 29. Rb2 Bc2 30. Rf2 Qe8 31. Qg1 Qc8 32. Bd2 Rf7 33. g5 Nf5 34. gxh6
Nxh6 35. Qg5 Be4 36. Ng6 Rbb7 37. Rxf7 Kxf7 38. Qg1 Nf5 39. Qf1 Qc4 40. Qg1 Ke8
41. Nf4 Nh4 42. Kf2 Nf3 43. Qc1 Nxd2 44. Qxd2 Bf5 45. Kg1 Rc7 46. h6 Qxc3 47.
Qxc3 Rxc3 48. hxg7 Kf7 49. Rg2 Rc8 0-1

[Event "4MCR_4D_1L_1S"]
[Site "CR"]
[Date "2000.??.??"]
[Round "?"]
[White "Dufek, Jiri"]
[Black "Boukal, Petr"]
[Result "1/2-1/2"]
[WhiteElo "2400"]
[BlackElo "2450"]
[PlyCount "49"]
[EventDate "2000.??.??"]
[EventType "tourn (corr)"]

1. d4 Nf6 2. c4 g6 3. Nc3 Bg7 4. e4 d6 5. Nf3 O-O 6. Be2 e5 7. O-O Nc6 8. d5
Ne7 9. b4 a5 10. Ba3 axb4 11. Bxb4 b6 12. a4 Re8 13. Re1 Bf8 14. Qd3 c5 15.
dxc6 Nxc6 16. Ba3 Na5 17. Reb1 Ba6 18. Nd2 Bh6 19. Bb4 Bxd2 20. Qxd2 Nxc4 21.
Qa2 Na5 22. Bxa6 Rxa6 23. Rd1 Nb7 24. f3 Re6 25. Qc4 1/2-1/2

[Event "4MCR_4D_1L_1S"]
[Site "CR"]
[Date "2000.??.??"]
[Round "?"]
[White "Dufek, Jiri"]
[Black "Hlavac, Rudolf"]
[Result "1-0"]
[WhiteElo "2400"]
[BlackElo "2325"]
[PlyCount "109"]
[EventDate "2000.??.??"]
[EventType "tourn (corr)"]

1. e4 c5 2. Nf3 Nc6 3. d4 cxd4 4. Nxd4 Nf6 5. Nc3 e5 6. Ndb5 d6 7. Bg5 a6 8.
Na3 b5 9. Bxf6 gxf6 10. Nd5 f5 11. Bd3 Be6 12. Qh5 Bg7 13. O-O f4 14. c4 bxc4
15. Bxc4 O-O 16. Rac1 Rb8 17. b3 Qd7 18. Rfd1 Kh8 19. Qh4 f5 20. Nxf4 exf4 21.
Bxe6 Qxe6 22. Rxc6 fxe4 23. Rcxd6 Qe8 24. Nc4 e3 25. fxe3 fxe3 26. Re1 Qf7 27.
Nxe3 Rbe8 28. Rf1 Qa7 29. Rxf8+ Bxf8 30. Qf6+ Bg7 31. Qf2 Bd4 32. Re6 Qd7 33.
Re4 Bxe3 34. Qxe3 Qd1+ 35. Kf2 Qc2+ 36. Kf3 Rxe4 37. Qxe4 Qxa2 38. Qd5 Kg7 39.
h3 a5 40. Kf4 Qf2+ 41. Ke5 Qf6+ 42. Ke4 Qh4+ 43. Kd3 Qe1 44. Qd4+ Kg8 45. Qe3
Qd1+ 46. Kc3 Qa1+ 47. Kc4 Qf1+ 48. Qd3 Qe1 49. Kb5 Qb4+ 50. Ka6 Qa3 51. g4 Qc5
52. Qd8+ Kg7 53. Qd7+ Kg8 54. Qe6+ Kg7 55. h4 1-0

[Event "4MCR_4D_1L_1S"]
[Site "CR"]
[Date "2000.??.??"]
[Round "?"]
[White "Dufek, Jiri"]
[Black "Janous, Petr"]
[Result "1/2-1/2"]
[WhiteElo "2400"]
[BlackElo "2195"]
[PlyCount "47"]
[EventDate "2000.??.??"]
[EventType "tourn (corr)"]

1. e4 e5 2. Nf3 Nc6 3. Bb5 a6 4. Ba4 Nf6 5. O-O Be7 6. Re1 b5 7. Bb3 O-O 8. a4
b4 9. d3 d6 10. a5 Rb8 11. Nbd2 Nd7 12. Nf1 Nc5 13. Bd5 Nd4 14. Be3 Bf6 15.
N1d2 Be6 16. Bxd4 exd4 17. Bxe6 Nxe6 18. e5 dxe5 19. Nxe5 Qd5 20. Qf3 Qxf3 21.
Ndxf3 Bxe5 22. Nxe5 Rbd8 23. Re2 Rfe8 24. Rae1 1/2-1/2

[Event "4MCR_4D_1L_1S"]
[Site "CR"]
[Date "2000.??.??"]
[Round "?"]
[White "Dufek, Jiri"]
[Black "Krouzel, Jaroslav"]
[Result "1-0"]
[WhiteElo "2400"]
[BlackElo "2405"]
[PlyCount "101"]
[EventDate "2000.??.??"]
[EventType "tourn (corr)"]

1. d4 f5 2. g3 Nf6 3. Bg2 g6 4. c4 Bg7 5. Nc3 d6 6. Nf3 O-O 7. O-O c6 8. d5 e5
9. dxe6 Bxe6 10. b3 Na6 11. Ng5 Qe7 12. Bb2 Rad8 13. Nxe6 Qxe6 14. Qc2 Nc5 15.
Rad1 Rfe8 16. e3 Nfe4 17. Nxe4 Nxe4 18. Bxg7 Kxg7 19. Rd4 Nf6 20. Rfd1 Re7 21.
b4 Red7 22. a3 a6 23. a4 Qe5 24. Qb3 h5 25. b5 axb5 26. axb5 Qc5 27. bxc6 bxc6
28. Ra1 Rc7 29. Ra6 d5 30. Qb2 Kh7 31. cxd5 Nxd5 32. Bf3 Rdc8 33. Qb1 Nf6 34.
Qd1 Qb5 35. Qa1 Qe5 36. Qa4 Nd5 37. Ra5 Rd8 38. Rc5 Rd6 39. h3 Qe7 40. Bxd5
cxd5 41. Rcxd5 Rxd5 42. Rxd5 Ra7 43. Qd1 Qe4 44. Rd8 Rb7 45. Kh2 Qe5 46. Qa4
Qg7 47. Kg2 Ra7 48. Qc4 Rc7 49. Qd5 Ra7 50. g4 hxg4 51. hxg4 1-0

[Event "4MCR_4D_1L_1S"]
[Site "CR"]
[Date "2000.??.??"]
[Round "?"]
[White "Dufek, Jiri"]
[Black "Omelka, Roman"]
[Result "1-0"]
[WhiteElo "2400"]
[BlackElo "2260"]
[PlyCount "59"]
[EventDate "2000.??.??"]
[EventType "tourn (corr)"]

1. e4 e5 2. Nf3 Nc6 3. Bb5 a6 4. Ba4 Nf6 5. O-O Nxe4 6. d4 b5 7. Bb3 d5 8. dxe5
Be6 9. Nbd2 Nc5 10. c3 d4 11. Bxe6 Nxe6 12. cxd4 Ncxd4 13. a4 Rb8 14. axb5 axb5
15. Ne4 Qd5 16. Nxd4 Nxd4 17. Nc3 Qc4 18. Be3 Bc5 19. Nxb5 Ne2+ 20. Kh1 O-O 21.
Na3 Bxa3 22. bxa3 Rfd8 23. Qe1 h6 24. a4 Rb3 25. Qa5 Rbd3 26. Qc5 Qxc5 27. Bxc5
R8d5 28. Be3 Ra5 29. g3 Nd4 30. Ra2 1-0

[Event "4MCR_4D_1L_1S"]
[Site "CR"]
[Date "2000.??.??"]
[Round "?"]
[White "Dufek, Jiri"]
[Black "Spal, Milan"]
[Result "1/2-1/2"]
[WhiteElo "2400"]
[BlackElo "2440"]
[PlyCount "92"]
[EventDate "2000.??.??"]
[EventType "tourn (corr)"]

1. e4 Nf6 2. e5 Nd5 3. d4 d6 4. Nf3 Nc6 5. c4 Nb6 6. Nc3 Bg4 7. exd6 Bxf3 8.
Qxf3 Nxd4 9. Qxb7 cxd6 10. Qe4 e5 11. Be3 Be7 12. Bxd4 exd4 13. Nb5 O-O 14. Bd3
g6 15. O-O Bf6 16. Qf3 Bg7 17. Qg3 d5 18. c5 Nc4 19. b3 Nd2 20. Rfe1 Ne4 21.
Bxe4 dxe4 22. Rxe4 Qd5 23. Nd6 Qxc5 24. Nc4 a5 25. Qd3 a4 26. Rd1 axb3 27. axb3
Rab8 28. Qf3 Qb4 29. Rd3 Ra8 30. Qd1 Rfe8 31. Rxe8+ Rxe8 32. Nd2 Rc8 33. Nc4 h6
34. g3 Rc6 35. Kg2 Qe7 36. h3 Kh7 37. Qf3 Re6 38. h4 Ra6 39. h5 Rf6 40. Qg4 Rf5
41. hxg6+ fxg6 42. f4 h5 43. Qf3 h4 44. g4 Rf7 45. Rd2 Qc7 46. f5 gxf5 1/2-1/2

[Event "4MCR_4D_1L_1S"]
[Site "CR"]
[Date "2000.??.??"]
[Round "?"]
[White "Dufek, Jiri"]
[Black "Straka, Zdenek"]
[Result "1-0"]
[WhiteElo "2400"]
[BlackElo "2305"]
[PlyCount "119"]
[EventDate "2000.??.??"]
[EventType "tourn (corr)"]

1. Nf3 d5 2. c4 c6 3. d4 Nf6 4. Nc3 e6 5. Bg5 dxc4 6. e4 b5 7. e5 h6 8. Bh4 g5
9. Nxg5 hxg5 10. Bxg5 Nbd7 11. exf6 Bb7 12. g3 c5 13. d5 Qb6 14. Bg2 O-O-O 15.
O-O b4 16. Na4 Qb5 17. a3 exd5 18. axb4 d4 19. Bxb7+ Kxb7 20. Qf3+ Qc6 21.
Nxc5+ Bxc5 22. Qxc6+ Kxc6 23. bxc5 Nxc5 24. Rxa7 Rd7 25. Rxd7 Nxd7 26. Re1 Rb8
27. Re4 Rb5 28. h4 Kd5 29. Re7 Ne5 30. Bf4 Nd3 31. Rxf7 Nxf4 32. gxf4 d3 33.
Re7 Rxb2 34. f7 Rb8 35. Re8 d2 36. Kh2 d1=Q 37. f8=Q Rxe8 38. Qxe8 Qg4 39. Qe5+
Kc6 40. h5 Qh4+ 41. Kg2 Qg4+ 42. Kf1 Qd1+ 43. Qe1 Qxh5 44. Qe6+ Kb7 45. Qe4+
Kb6 46. f5 Kb5 47. f6 Qd1+ 48. Kg2 Qd7 49. Qg6 Qd5+ 50. Kg3 Qe5+ 51. Kf3 Qd5+
52. Ke3 Qe6+ 53. Kf4 Kc6 54. Kg5 Kd7 55. Kh6 c3 56. f7 Qxg6+ 57. Kxg6 c2 58.
f8=Q c1=Q 59. f4 Qc6+ 60. Kh7 1-0

[Event "4MCR_4D_1L_1S"]
[Site "CR"]
[Date "2000.??.??"]
[Round "?"]
[White "Hlavac, Rudolf"]
[Black "Boukal, Petr"]
[Result "1/2-1/2"]
[WhiteElo "2325"]
[BlackElo "2245"]
[PlyCount "64"]
[EventDate "2000.??.??"]
[EventType "tourn (corr)"]

1. e4 e6 2. d4 d5 3. Nd2 Nf6 4. e5 Nfd7 5. Bd3 c5 6. c3 Nc6 7. Ne2 cxd4 8. cxd4
Qb6 9. Nf3 f6 10. exf6 Nxf6 11. O-O Bd6 12. Nc3 O-O 13. Be3 Bd7 14. a3 Be8 15.
Ng5 Ne7 16. h3 Bc7 17. Qc2 h6 18. Nf3 Nh5 19. Rfe1 Nf4 20. Bxf4 Rxf4 21. Re3
Rf6 22. Na4 Bxa4 23. Qxa4 Nc6 24. Rd1 Raf8 25. Bb1 Qxb2 26. Rb3 Qe2 27. Rd2 Qa6
28. Qxa6 bxa6 29. Rc3 Ba5 30. Rxc6 Rxf3 31. gxf3 Bxd2 32. Rxe6 Bc3 1/2-1/2

[Event "4MCR_4D_1L_1S"]
[Site "CR"]
[Date "2000.??.??"]
[Round "?"]
[White "Hlavac, Rudolf"]
[Black "Hrdy, Roman"]
[Result "1-0"]
[WhiteElo "2325"]
[BlackElo "2230"]
[PlyCount "81"]
[EventDate "2000.??.??"]
[EventType "tourn (corr)"]

1. e4 d6 2. d4 Nf6 3. Nc3 g6 4. Nf3 c6 5. Be2 Bg7 6. O-O O-O 7. h3 d5 8. Bd3
dxe4 9. Nxe4 Nxe4 10. Bxe4 c5 11. dxc5 Qc7 12. c3 Nd7 13. b4 Bxc3 14. Rb1 Nf6
15. Bd3 a5 16. a3 axb4 17. axb4 Rd8 18. Rb3 Nd5 19. Bc4 e6 20. Bg5 f6 21. Qe2
fxg5 22. Bxd5 exd5 23. Rxc3 g4 24. hxg4 Bxg4 25. Re3 Bxf3 26. Rxf3 Re8 27. Re3
Rxe3 28. Qxe3 Rd8 29. Rd1 Qd7 30. Rd4 Rf8 31. g4 Re8 32. Qf4 Rd8 33. Qg5 Qe8
34. Kg2 Kg7 35. Rf4 Rd7 36. Qf6+ Kg8 37. c6 bxc6 38. Qxc6 Qe7 39. b5 Rd6 40.
Qc5 Rd8 41. Qxe7 1-0

[Event "4MCR_4D_1L_1S"]
[Site "CR"]
[Date "2000.??.??"]
[Round "?"]
[White "Hlavac, Rudolf"]
[Black "Krouzel, Jaroslav"]
[Result "1/2-1/2"]
[WhiteElo "2325"]
[BlackElo "2405"]
[PlyCount "88"]
[EventDate "2000.??.??"]
[EventType "tourn (corr)"]

1. e4 e6 2. d4 d5 3. Nd2 Nc6 4. Ngf3 Nf6 5. e5 Nd7 6. Nb3 Be7 7. Bb5 Ncb8 8. h4
h6 9. Rh3 b6 10. Qe2 a5 11. Rg3 Bf8 12. c4 Bb7 13. cxd5 Bxd5 14. Nbd2 Nc6 15.
Ne4 Ne7 16. Nc3 Bb7 17. Bd3 Nd5 18. Nxd5 Bxd5 19. Be4 Nb8 20. Bd2 Nc6 21. Rc1
Ne7 22. Bxd5 Nxd5 23. Qb5+ Qd7 24. Qxd7+ Kxd7 25. h5 Nb4 26. Ke2 Nxa2 27. Ra1
Nb4 28. Bxb4 Bxb4 29. Rxg7 Ke7 30. Nh4 Rag8 31. Ng6+ Ke8 32. Rxg8+ Rxg8 33. Nf4
Rg5 34. Rg1 c5 35. g4 cxd4 36. Nd3 Be7 37. f4 Rg8 38. Kf3 f5 39. exf6 Bxf6 40.
Ke4 Ke7 41. Ne5 Bxe5 42. fxe5 Rd8 43. Rd1 Rg8 44. Rg1 Rd8 1/2-1/2

[Event "4MCR_4D_1L_1S"]
[Site "CR"]
[Date "2000.??.??"]
[Round "?"]
[White "Hlavac, Rudolf"]
[Black "Pospisil, Ludvik"]
[Result "1/2-1/2"]
[WhiteElo "2325"]
[BlackElo "2330"]
[PlyCount "61"]
[EventDate "2000.??.??"]
[EventType "tourn (corr)"]

1. e4 e5 2. Nf3 Nc6 3. Bb5 a6 4. Ba4 Nf6 5. d4 exd4 6. O-O Be7 7. e5 Ne4 8.
Nxd4 Nxd4 9. Qxd4 Nc5 10. Nc3 O-O 11. Bg5 Bxg5 12. Qxc5 Be7 13. Qe3 d5 14. exd6
Bxd6 15. Rad1 Qh4 16. g3 Qf6 17. Rfe1 Bg4 18. Nd5 Qe6 19. Rd3 b5 20. Qd2 Qg6
21. Bb3 Rae8 22. Rde3 Rxe3 23. Nxe3 Bf3 24. Bd5 Qf6 25. Bxf3 Qxf3 26. Qd5 Qxd5
27. Nxd5 Rb8 28. Ne7+ Kf8 29. Nc6 Rb6 30. Ne5 Bxe5 31. Rxe5 1/2-1/2

[Event "4MCR_4D_1L_1S"]
[Site "CR"]
[Date "2000.??.??"]
[Round "?"]
[White "Hlavac, Rudolf"]
[Black "Rybak, Milan"]
[Result "1/2-1/2"]
[WhiteElo "2325"]
[BlackElo "2445"]
[PlyCount "38"]
[EventDate "2000.??.??"]
[EventType "tourn (corr)"]

1. e4 e5 2. Nf3 Nc6 3. Bb5 f5 4. Nc3 fxe4 5. Nxe4 Nf6 6. Nxf6+ Qxf6 7. Qe2 Be7
8. Bxc6 dxc6 9. Nxe5 Bf5 10. d3 O-O 11. O-O Bd6 12. f4 Rae8 13. d4 Bxe5 14.
fxe5 Qg6 15. Rf2 Be4 16. Bf4 Bxc2 17. Qc4+ Kh8 18. Qxc2 Qxc2 19. Rxc2 Rxf4
1/2-1/2

[Event "4MCR_4D_1L_1S"]
[Site "CR"]
[Date "2000.??.??"]
[Round "?"]
[White "Hlavac, Rudolf"]
[Black "Spal, Milan"]
[Result "1/2-1/2"]
[WhiteElo "2325"]
[BlackElo "2440"]
[PlyCount "71"]
[EventDate "2000.??.??"]
[EventType "tourn (corr)"]

1. e4 Nf6 2. e5 Nd5 3. d4 d6 4. c4 Nb6 5. exd6 cxd6 6. Nc3 g6 7. h3 Bg7 8. Nf3
O-O 9. Be3 Nc6 10. Rc1 e5 11. d5 Ne7 12. Be2 h6 13. O-O Nf5 14. Bd2 Nd7 15. b4
a5 16. a3 axb4 17. axb4 b6 18. Ne4 Nf6 19. Nxf6+ Qxf6 20. Bc3 Qd8 21. c5 e4 22.
Bxg7 exf3 23. Bxf8 fxe2 24. Qxe2 bxc5 25. Bxh6 Nxh6 26. Qd2 Qf8 27. bxc5 dxc5
28. d6 Be6 29. Rxc5 Rd8 30. Rc6 Nf5 31. Rd1 Bb3 32. Rb1 Ba4 33. Ra6 Rxd6 34.
Rxd6 Qxd6 35. Qxd6 Nxd6 36. Rb6 1/2-1/2

[Event "4MCR_4D_1L_1S"]
[Site "CR"]
[Date "2000.??.??"]
[Round "?"]
[White "Hlavac, Rudolf"]
[Black "Straka, Zdenek"]
[Result "1/2-1/2"]
[WhiteElo "2325"]
[BlackElo "2305"]
[PlyCount "91"]
[EventDate "2000.??.??"]
[EventType "tourn (corr)"]

1. e4 e5 2. Nf3 Nc6 3. Bb5 a6 4. Ba4 Nf6 5. d4 exd4 6. O-O Be7 7. e5 Ne4 8.
Nxd4 O-O 9. Nf5 d5 10. Bxc6 bxc6 11. Nxe7+ Qxe7 12. Re1 Re8 13. f3 Nd6 14. b3
f6 15. Bb2 Nf7 16. f4 fxe5 17. fxe5 Bf5 18. Nd2 Rad8 19. Nf3 c5 20. Qd2 Be4 21.
Qf4 Bxf3 22. Qxf3 d4 23. e6 Ng5 24. Qd3 Qd6 25. Qc4 Nxe6 26. Re2 Qd5 27. Rae1
Qxc4 28. bxc4 Kf7 29. Ba3 Ng5 30. Rxe8 Rxe8 31. Rxe8 Kxe8 32. Bxc5 Ne6 33. Bb4
Kf7 34. Kf2 Kf6 35. Kf3 Ke5 36. h4 h5 37. g4 g6 38. Ba5 c6 39. gxh5 gxh5 40. c3
d3 41. Ke3 Nf4 42. Bd8 Kf5 43. a4 Kg4 44. a5 Kh3 45. Bf6 Kg3 46. Bd8 1/2-1/2

[Event "4MCR_4D_1L_1S"]
[Site "CR"]
[Date "2000.??.??"]
[Round "?"]
[White "Hostinsky, Jiri"]
[Black "Boukal, Petr"]
[Result "1/2-1/2"]
[WhiteElo "2420"]
[BlackElo "2450"]
[PlyCount "114"]
[EventDate "2000.??.??"]
[EventType "tourn (corr)"]

1. e4 e6 2. d4 d5 3. Nc3 Bb4 4. e5 c5 5. a3 Bxc3+ 6. bxc3 Ne7 7. Qg4 Qc7 8.
Qxg7 Rg8 9. Qxh7 cxd4 10. Ne2 Nbc6 11. f4 dxc3 12. Qd3 Bd7 13. Nxc3 a6 14. h4
Nf5 15. Rh3 O-O-O 16. Bd2 Na5 17. Qxf5 exf5 18. Nxd5 Qxc2 19. Rc3+ Qxc3 20.
Bxc3 Nc6 21. Nf6 Rh8 22. h5 Be6 23. Rc1 Kb8 24. Kf2 Ne7 25. Be2 Rc8 26. a4 a5
27. Kg3 Ng8 28. Nxg8 Rcxg8+ 29. Kh3 Bc4 30. Bf3 Bd5 31. Kh4 Bxf3 32. gxf3 Rg2
33. Rh1 Rc8 34. Bxa5 Rc4 35. h6 Rg6 36. Kh5 Rcc6 37. Rd1 Rxh6+ 38. Kg5 b6 39.
Bb4 Kc8 40. a5 bxa5 41. Bxa5 Rh8 42. Kxf5 Rc4 43. Rd5 Ra4 44. Rc5+ Kb7 45. Bd2
Rd8 46. Rc2 Rd7 47. Bc1 Rdd4 48. Rc3 Rdc4 49. Rb3+ Kc7 50. Be3 Ra6 51. Rd3 Rc2
52. Bd2 Rb2 53. Be1 Rh6 54. Ba5+ Kc6 55. Bd8 Rb7 56. Bg5 Re6 57. Rd8 Rg6
1/2-1/2

[Event "4MCR_4D_1L_1S"]
[Site "CR"]
[Date "2000.??.??"]
[Round "?"]
[White "Hostinsky, Jiri"]
[Black "Dufek, Jiri"]
[Result "1/2-1/2"]
[WhiteElo "2420"]
[BlackElo "2400"]
[PlyCount "32"]
[EventDate "2000.??.??"]
[EventType "tourn (corr)"]

1. e4 e5 2. Nf3 Nf6 3. d4 Nxe4 4. Bd3 d5 5. Nxe5 Nd7 6. Nxd7 Bxd7 7. O-O Bd6 8.
c4 c6 9. Nc3 Nxc3 10. bxc3 O-O 11. cxd5 cxd5 12. Qh5 f5 13. Qf3 Kh8 14. Bf4 Qc7
15. Bxd6 Qxd6 16. Rfe1 Rac8 1/2-1/2

[Event "4MCR_4D_1L_1S"]
[Site "CR"]
[Date "2000.??.??"]
[Round "?"]
[White "Hostinsky, Jiri"]
[Black "Hlavac, Rudolf"]
[Result "1/2-1/2"]
[WhiteElo "2420"]
[BlackElo "2325"]
[PlyCount "77"]
[EventDate "2000.??.??"]
[EventType "tourn (corr)"]

1. e4 c5 2. Nf3 Nc6 3. d4 cxd4 4. Nxd4 Nf6 5. Nc3 e5 6. Ndb5 d6 7. Bg5 a6 8.
Na3 b5 9. Bxf6 gxf6 10. Nd5 f5 11. c3 Bg7 12. exf5 Bxf5 13. Nc2 Ne7 14. Bd3 Be6
15. Nxe7 Qxe7 16. Be4 Rc8 17. Ne3 Rc5 18. O-O O-O 19. Qh5 h6 20. Rfd1 Rd8 21.
Nd5 Qg5 22. Qxg5 hxg5 23. Nb4 Bc8 24. a4 bxa4 25. Rxa4 a5 26. Nc6 Bd7 27. Rxd6
Bf8 28. Nxd8 Bxd6 29. Ra1 Bc7 30. Rd1 Bc8 31. h3 Kf8 32. Rd2 Ke7 33. Nc6+ Ke8
34. Na7 Bd7 35. Rd5 Rxd5 36. Bxd5 Ke7 37. Bb7 Kd6 38. Nc8+ Kc5 39. b4+ 1/2-1/2

[Event "4MCR_4D_1L_1S"]
[Site "CR"]
[Date "2000.??.??"]
[Round "?"]
[White "Hostinsky, Jiri"]
[Black "Janous, Petr"]
[Result "1/2-1/2"]
[WhiteElo "2420"]
[BlackElo "2195"]
[PlyCount "48"]
[EventDate "2000.??.??"]
[EventType "tourn (corr)"]

1. e4 e5 2. Nf3 Nc6 3. d4 exd4 4. Nxd4 Nf6 5. Nxc6 bxc6 6. e5 Qe7 7. Qe2 Nd5 8.
c4 Ba6 9. g3 g6 10. b3 Bg7 11. Bb2 O-O 12. Bg2 Rae8 13. O-O Nb6 14. Re1 f6 15.
Qe3 c5 16. exf6 Qxe3 17. Rxe3 Rxe3 18. fxe3 Rxf6 19. Nd2 Re6 20. Bxg7 Kxg7 21.
Re1 d6 22. Ne4 Bc8 23. Nc3 Re7 24. a4 a5 1/2-1/2

[Event "4MCR_4D_1L_1S"]
[Site "CR"]
[Date "2000.??.??"]
[Round "?"]
[White "Hostinsky, Jiri"]
[Black "Krouzel, Jaroslav"]
[Result "1-0"]
[WhiteElo "2420"]
[BlackElo "2405"]
[PlyCount "91"]
[EventDate "2000.??.??"]
[EventType "tourn (corr)"]

1. e4 e6 2. d4 d5 3. Nc3 Bb4 4. e5 c5 5. a3 Bxc3+ 6. bxc3 Ne7 7. Qg4 O-O 8. Bd3
f5 9. exf6 Rxf6 10. Bg5 Rf7 11. Qh5 g6 12. Qd1 Nbc6 13. Nf3 Qf8 14. O-O c4 15.
Be2 h6 16. Be3 Bd7 17. Qd2 Kh7 18. h3 Nf5 19. Nh2 Qg7 20. Ng4 Rg8 21. Bf4 g5
22. Bh2 h5 23. Ne5 Nxe5 24. Bxe5 Qg6 25. Rae1 g4 26. hxg4 hxg4 27. Bd1 Qh5 28.
Qf4 Nd6 29. Qh2 Qxh2+ 30. Bxh2 Nb5 31. Re3 Nxa3 32. Be5 Rf5 33. Rg3 Rfg5 34. f3
Rf5 35. Kf2 Rg6 36. Rh1+ Rh6 37. Rxh6+ Kxh6 38. f4 a5 39. Bxg4 Rxe5 40. dxe5 b5
41. Bf3 Nb1 42. f5 exf5 43. Bxd5 a4 44. e6 Bxe6 45. Bxe6 a3 46. Bxf5 1-0

[Event "4MCR_4D_1L_1S"]
[Site "CR"]
[Date "2000.??.??"]
[Round "?"]
[White "Hostinsky, Jiri"]
[Black "Omelka, Roman"]
[Result "1-0"]
[WhiteElo "2420"]
[BlackElo "2260"]
[PlyCount "109"]
[EventDate "2000.??.??"]
[EventType "tourn (corr)"]

1. e4 d6 2. d4 Nf6 3. f3 g6 4. Be3 c6 5. Nc3 b5 6. Qd2 Qc7 7. g4 Bg7 8. g5 Nfd7
9. h4 b4 10. Nd1 c5 11. h5 Ba6 12. Ne2 Nc6 13. h6 Bf8 14. a3 Qa5 15. c3 b3 16.
Ng3 Bxf1 17. Rxf1 Qa4 18. d5 Na5 19. f4 e6 20. Qe2 exd5 21. exd5 Qc4 22. Bg1+
Qxe2+ 23. Kxe2 Be7 24. Ne3 O-O 25. Ne4 f5 26. Nd2 Rae8 27. Kd3 Nb6 28. Rae1 Bd8
29. Bf2 Kf7 30. Ndc4 Nc8 31. Nxa5 Bxa5 32. Nc4 Bc7 33. Rxe8 Rxe8 34. Re1 Rxe1
35. Bxe1 a5 36. a4 Ke8 37. Bd2 Kd7 38. Bc1 Bd8 39. Nd2 Nb6 40. c4 Nxa4 41. Nxb3
Nb6 42. Bd2 a4 43. Na1 Nc8 44. Nc2 Ke8 45. Ne3 Kf8 46. Kc2 Kf7 47. Kb1 Kf8 48.
Ka2 Kf7 49. Ka3 Nb6 50. Ba5 Nxd5 51. Nxd5 Bxa5 52. Kxa4 Bd8 53. Kb5 Ke6 54. Kc6
Ba5 55. Kb7 1-0

[Event "4MCR_4D_1L_1S"]
[Site "CR"]
[Date "2000.??.??"]
[Round "?"]
[White "Hostinsky, Jiri"]
[Black "Straka, Zdenek"]
[Result "1/2-1/2"]
[WhiteElo "2420"]
[BlackElo "2305"]
[PlyCount "54"]
[EventDate "2000.??.??"]
[EventType "tourn (corr)"]

1. e4 e5 2. Nf3 Nc6 3. d4 exd4 4. Nxd4 Bc5 5. Nb3 Bb6 6. Nc3 d6 7. a4 a6 8. Nd5
Ba7 9. Bg5 Nge7 10. Bc4 Be6 11. Qe2 Qd7 12. O-O O-O 13. Qd2 f6 14. Be3 Bxe3 15.
Qxe3 Rae8 16. Qc3 Ne5 17. Nxe7+ Rxe7 18. Bxe6+ Qxe6 19. Nd4 Qc4 20. Nf5 Ree8
21. Qxc4+ Nxc4 22. Ng3 h5 23. h4 g6 24. b3 Ne5 25. f3 Kf7 26. Rfd1 a5 27. Rd2
Re7 1/2-1/2